Vitamin E decreases plasma calcium concentration

Bibliographic Details
Main Authors: Mongiellova, V. (Author), Gajdos, M. (Author), Krivosikova, Z. (Author), Spustova, Z. (Author), Dzúrik, Rastislav, 1929-2014 (Author)
Format: Article
Language:Slovak
English
ISSN:0006-9248
Subjects:

MARC

LEADER 00000nab a2200000 a 4500
001 vtls000834932
003 SK-MaSNL
005 20260304223112.0
008 250429c2002 xo 0 slo
015 |a SNBRB2003/05-ccccc 
035 |a CLN000186587 
035 |a urn:nbn:sk:snk-abq7l 
035 |a (urnnbn)urn:nbn:sk:snk:ar-a03ftf 
035 |a (uuid)34e4ff65-8764-4800-989f-f5edf3567431 
040 |a SNKBUCL  |b slo  |c SNKBUCL  |e AACR2 
041 0 |a eng 
044 |a xo  |c SK 
080 |a 616.127-005.4:577.161.3:061.3  |2 1997 
245 0 0 |a Vitamin E decreases plasma calcium concentration  |c V. Mongiellova ... [et al.] 
650 0 7 |a vitamín E  |2 snkbucl  |9 14303 
650 0 7 |a hypokalciémia  |2 snkbucl  |9 221032 
650 0 7 |a antioxidanty  |2 snkbucl  |9 13472 
650 0 7 |a ischémia myokardu  |2 snkbucl  |9 2498 
650 0 7 |a štúdie kontrolované randomizované  |2 snkbucl  |9 1137119 
650 0 7 |a abstrakty z kongresu  |2 snkbucl  |9 168204 
655 7 |a články z novín a časopisov  |2 snkbucl  |9 267496 
700 1 |a Mongiellova, V.  |4 aut  |9 1271576 
700 1 |a Gajdos, M.  |4 aut  |9 308363 
700 1 |a Krivosikova, Z.  |4 aut  |9 1250883 
700 1 |a Spustova, Z.  |4 aut  |9 1158851 
700 1 |a Dzúrik, Rastislav,  |d 1929-2014  |4 aut  |9 13378 
773 0 |t Bratislavské lekárske listy  |g Roč. 103, č. 9 (2002), s. 328  |x 0006-9248 
850 |a Slovenská národná knižnica 
852 |a Slovenská národná knižnica 
958 |a article27 
958 |a MI 
958 |a OND 
958 |a EUIPO 
992 |a RBX 
999 |c 3166397  |d 3168327